Jos journal of medicine (Record no. 44090)

MARC details
000 -LEADER
fixed length control field 00523nam a2200145Ia 4500
022 ## - INTERNATIONAL STANDARD SERIAL NUMBER
ISSN 2006‑0734
050 ## - CALL MARK
Classification number R 11 .J67/
245 #0 - TITLE STATEMENT
Title Jos journal of medicine
250 ## - EDITION / VOLUME STATEMENT
Edition / Volume statement Vol. 18, No. 1
260 ## - PUBLICATION, DISTRIBUTION, ETC. (IMPRINT)
Place of publication Plateau State, Nigeria.
Name of publisher Association of Resident Doctors, Jos University Teaching Hospital (JUTH)
Year of publication 2024
300 ## - PHYSICAL DESCRIPTION
Number of Pages iii, 84 p. : ill. ; 29 cm.
650 ## - SUBJECT ADDED ENTRY--TOPICAL TERM
Topical Term Science--Periodicals. Medicine--Periodicals. Science--Nigeria--Periodicals. Medicine--Nigeria--Periodicals.
942 ## - ADDED ENTRY ELEMENTS (KOHA)
Koha item type Serials
Source of classification Library of Congress Classification

No items available.